1281 1069 1190 1636 1815 1022 1008 1015 1601 1383 1420 1680 1546 1867 1808 1734 1962 1210 1441 1038 1240 1471 1199 1462 1620 1328 1651 1986 1459 1155 1657 1356 1692 1771 1412 1389 1871 1902 1345 1871 1209 1005 1205 1056 1844 1931 1100 1119 1854 1926 1700 1919 1174 1641 1184 1485 1710 1254 1482 1580 1522 1826 1798 1414 1836 1917 1654 1106 1656 1347 1258 1235 1323 1883 1801 1130 1974 1945 1901 1422 1699 1272 1174 1181 1126 1671 1361 1353 1396 1489 1699 1519 1576 1443 1823 1213 1203 1876 1865 BCNSPRNW ULIB Ver.6.0+V

เปลี่ยนเป็นภาษาไทย

Change to English
 แสดงรายละเอียดบรรณานุกรม
  กลับหน้าหลัก

Brief Record : Get Marc (ISO 2709) : E-mail record : QR code < ปิดหน้าต่าง
LEADER : 00000nam 2200000uu 4500
001    13399126840
003     ULIB
008    020711s2559 th a 000 0 tha d
060    วจ^aWY18^bส873ก
100    ^aสุภาเพ็ญ ปาณะวัฒนพิสุทธ์, สุชาดา อินทรกำแหง ณ ราชสีมา, ศรีวรรณ สุพรรณสาร และเจริญ บุญมี
245    ^aการวิเคราะห์ต้นทุนการผลิตพยาบาลวิชาชีพของวิทยาลัยพยาบาลบรมราชชนนีสวรรค์ประชารักษ์ นครสวรรค์
260    ^aนครสวรรค์ :^bวิทยาลัยพยาบาลบรมราชชนนีสวรรค์ประชารักษ์ นครสวรรค์,^c2559
300    ^a53 หน้า
650    ^aการศึกษา^xการวิเคราะห์ต้นทุน
710    ^aวิทยาลัยพยาบาลบรมราชชนนีสวรรค์ประชารักษ์ นครสวรรค์ สถาบันพระบรมราชชนก สำนักงานปลัดกระทรวง กระทรวงสาธารณสุข
945    ^p0^l0^i005499
999    ^aประนอม เกษจรัล
รายการนี้ยังไม่มีแท็ก
คุณยังไม่ได้ล็อกอิน คุณสามารถมีกิจกรรมร่วมกับเว็บไซต์ได้ แต่ต้องล็อกอินก่อน ::
  ล็อกอิน

รายการสื่อสารสนเทศ

ลำดับที่ ประเภท เลขเรียก/บาร์โค้ด สถานที่ สถานะ
1. Book การพยาบาล
Book การพยาบาล
วจ WY18 ส873ก ฉ.1 
  Barcode: 005499
ห้องสมุดวิทยาเขตสวรรค์ประชารักษ์
►หนังสือทั่วไป
บนชั้น

BibComment


ยังไม่เคยถูกคอมเมนท์

คอมเมนท์ทรัพยากรรายการนี้
  คอมเมนท์: การวิเคราะห์ต้นท..


 Copyright 2026. Bcnsprnw @Library